Wheel of Time characters with R initials - Statistics

General Stats
  • This quiz has been taken 53 times
  • The average score is 6 of 15
Answer Stats
Hint Answer % Correct
RA The Dragon Reborn Rand al'Thor
100%
RD A False Dragon born in what would later become Far Madding Raolin Darksbane
81%
RI One of the Great Captains Rodel Ituralde
81%
RE A Seanchan sul'dam who left Ebou Dar with Mat and Tuon Renna Emain
76%
RC An Aes Sedai and Sitter for the Red Ajah Raechin Connoral
48%
RK A Tairen Asha’man and a Darkfriend killed by Padan Fain Raefar Kisman
33%
RF A farmer in the Borderlands who left his farm and went to the Last Battle Renald Fanwar
33%
RV An Aes Sedai of the White Ajah stilled and later Healed Ronaille Vevanios
33%
RM An Aes Sedai of the White Ajah who was raised Amyrlin Seat Rabayn Marushta
14%
RB A Sea Folk Windfinder who took part in using the Bowl of the Winds Rainyn din Burun
14%
RY A high-ranking Sea Folk Windfinder who took part in using the Bowl of the Winds Rysael din Yulan
14%
RH The Darkfriend innkeeper at The Goose and Crown in Andor Raimun Holdwin
10%
RS A Whitecloak soldier killed in battle with Shadowspawn on the Jehannah Road Ranun Sinah
10%
RG A Cairhienin who attempted to know Moiraine's financial status Ries Gorthanes
10%
RT Commander of the Defenders of the Stone of Tear Rodrivar Tihera
10%
No matching quizzes found
Score Distribution
Percent of People with Each Score
Percentile by Number Answered
Your Score History
You have not taken this quiz